Central Library OPAC University of Rajshahi

Hypnosis & suggestion in psychotherapy : (Record no. 29728)

MARC details
000 -LEADER
fixed length control field 01244cam a2200349 a 4500
001 - CONTROL NUMBER
control field 29728
003 - CONTROL NUMBER IDENTIFIER
rucl marc code BD-RjUL
005 - DATE AND TIME OF LATEST TRANSACTION
control field 20211209051442.0
008 - FIXED-LENGTH DATA ELEMENTS--GENERAL INFORMATION
fixed length control field 140407s1964 nyuh 001 0 eng
020 ## - INTERNATIONAL STANDARD BOOK NUMBER
International Standard Book Number 1568210582 (softcover)
035 ## - SYSTEM CONTROL NUMBER
System control number (BD-RjUL)29813
040 ## - CATALOGING SOURCE
Original cataloging agency DLC
Transcribing agency DLC
Modifying agency DLC
-- BD-RjUL
Language of cataloging eng
041 1# - LANGUAGE CODE
Language code of text/sound track or separate title eng
Language code of original fre
082 00 - DEWEY DECIMAL CLASSIFICATION NUMBER
Classification number 616.89162
Edition number 20
Author mark and year BEH 1964
100 1# - MAIN ENTRY--PERSONAL NAME
Personal name Bernheim, H.
Fuller form of name (Hippolyte),
Dates associated with a name 1840-1919.
9 (RLIN) 90520
245 10 - TITLE STATEMENT
Title Hypnosis & suggestion in psychotherapy :
Remainder of title a treatise on the nature and uses of hypnotism /
Statement of responsibility, etc. by H. Bernheim and translated by Christian A. Herter.
250 ## - EDITION STATEMENT
Edition statement Traslated from the 2nd rev. ed.
260 ## - PUBLICATION, DISTRIBUTION, ETC. (IMPRINT)
Place of publication, distribution, etc. New York :
Name of publisher, distributor, etc. University Books,
Date of publication, distribution, etc. c1964.
300 ## - PHYSICAL DESCRIPTION
Pagination xvi, 428 p. :
Illustrations ill. ;
Size 24 cm.
500 ## - GENERAL NOTE
General note Origiginal title: Suggestive therapeutics.
General note Includes index.
650 #0 - SUBJECT ADDED ENTRY--TOPICAL TERM
Topical term or geographic name as entry element Therapeutics, Suggestive.
9 (RLIN) 40695
Topical term or geographic name as entry element Hypnotism
General subdivision Therapeutic use.
9 (RLIN) 4348
Topical term or geographic name as entry element Hypnosis.
9 (RLIN) 89386
Topical term or geographic name as entry element Psychotherapy.
9 (RLIN) 90521
Topical term or geographic name as entry element Suggestion.
9 (RLIN) 87517
942 ## - ADDED ENTRY ELEMENTS (KOHA)
Source of classification or shelving scheme Dewey Decimal Classification
Koha item type Books
Holdings
Lost status Source of classification or shelving scheme Damaged status Not for loan Collection code Permanent Location Current Location Shelving location Date acquired Source of acquisition Total Checkouts Full call number Date last seen Copy number Koha item type
  Dewey Decimal Classification   Added to bundle Non-fiction Central Library, University of Rajshahi Central Library, University of Rajshahi Reading Room 05/07/1966 Asia foundation   616.89162 BEH 1964 07/04/2014 C-1 Books